Presupuesto
Descripción Física:
v. ; 21 x 30 cm
MARC
| LEADER | 00000nam a2200000Ia 4500 | ||
|---|---|---|---|
| 001 | 8554 | ||
| 008 | 160829s1873 - 1982 xx 000 0 cat d | ||
| 080 | |a Pressupostos | ||
| 110 | 1 | |a Barcelona (Catalunya : Província). |b Diputació |9 52408 | |
| 240 | |a Presupuestos 1874-1877 | ||
| 245 | |a Presupuesto | ||
| 260 | |a Barcelona : |b Diputació, |c 1874-1877 | ||
| 300 | |a v. ; |c 21 x 30 cm | ||
| 590 | |a . | ||
| 610 | 1 | 0 | |a Barcelona (Catalunya : Província). |b Diputació |x Assignacions pressupostàries i despeses |9 53789 |
| 901 | |a Arxiu | ||
| 942 | |n 1 |2 udc | ||
| 952 | |0 0 |1 0 |2 udc |4 0 |7 0 |9 60638 |a Arxiu |b Arxiu |d 2021-03-25 |l 0 |r 2021-03-25 00:00:00 |w 2021-03-25 | ||
| 999 | |c 80607 |d 80607 | ||
| 900 | |a bib_8554_1874_1877_baixa.pdf | ||